000 00304nam a2200121Ia 4500
005 20260328101447.0
008 260328s9999||||xx |||||||||||||| ||und||
100 _aGabay, Neil
245 0 _aModern painters :
_b An art appreciation /
_cNeil Gabay
260 _bNina Books
650 _aPINTURA
942 _cBK
999 _c8494
_d8494